Ópticas Lux 2021. (Record no. 208121)
[ view plain ]
| 000 -CABECERA | |
|---|---|
| campo de control de longitud fija | 00423nrm a22001574a 4500 |
| 003 - IDENTIFICADOR DEL NÚMERO DE CONTROL | |
| campo de control | UPN |
| 005 - FECHA Y HORA DE LA ÚLTIMA TRANSACCIÓN | |
| campo de control | 20221020063422.0 |
| 008 - DATOS DE LONGITUD FIJA--INFORMACIÓN GENERAL | |
| campo de control de longitud fija | 210829s2020 mx |||| |||| 00| 0 spa d |
| 049 ## - CÓDIGO DE COLECCIÓN | |
| Código de colección | CG |
| 050 #0 - SIGNATURA TOPOGRAFICA DE LA BIBLIOTECA DEL CONGRESO (LC) | |
| Número clasificador | HM1226 |
| 245 00 - MENCIÓN DE TÍTULO | |
| Título | Ópticas Lux 2021. |
| 260 ## - PUBLICACIÓN, DISTRIBUCIÓN, ETC. | |
| Lugar de publicación, distribución, etc. | [México] : |
| Nombre del editor, distribuidor, etc. | Ópticas Lux, |
| Fecha de publicación, distribución, etc. | [2020]. |
| 300 ## - DESCRIPCIÓN FÍSICA | |
| Extensión | 1 calendario de mesa (12 p.) : |
| Otros detalles físicos | il. col. ; |
| Dimensiones | 12 x 12 x 5.30 cm. |
| 650 #2 - ASIENTO SECUNDARIO DE MATERIA - TERMINO TEMÁTICO | |
| Término temático o nombre geográfico como elemento de entrada | Publicidad |
| 9 (RLIN) | 5809 |
| 942 ## - ELEMENTOS DE PUNTO DE ACCESO ADICIONAL (KOHA) | |
| Fuente del sistema de clasificación o colocación | Library of Congress Classification |
| Tipo de ítem Koha | Revista no encuadernada |
No items available.
